Manual d'aplicació de la imatge corporativa de la Diputació de Barcelona
Descripción Física:
305 pàgines : il·lustracions ; 32 cm
Idioma:
Catalán
MARC
| LEADER | 00000nam a2200000uc 4500 | ||
|---|---|---|---|
| 001 | 25013015 | ||
| 008 | s2001||||sp ||||gr|||| ||| ||cat|d | ||
| 040 | |a BGR |b cat | ||
| 080 | |a Bib-876 | ||
| 110 | 1 | |a Barcelona (Catalunya : Província). |b Diputació |9 52408 | |
| 245 | 0 | 0 | |a Manual d'aplicació de la imatge corporativa de la Diputació de Barcelona |
| 260 | |a Barcelona : |b Diputació de Barcelona. Xarxa de Municipis, |c 2001 | ||
| 300 | |a 305 pàgines : |b il·lustracions ; |c 32 cm | ||
| 500 | |a A la coberta: Provisional, 1 de març de 2001 | ||
| 650 | 2 | 0 | |a Imatge corporativa |z Barcelona (Província) |9 53961 |
| 655 | 0 | |9 52956 |a Manuals, vademècums, etc. | |
| 942 | |c ARXIU |2 udc |n 1 | ||
| 952 | |0 0 |1 0 |4 0 |6 BIB882 |7 1 |9 63345 |a Arxiu |b Arxiu |d 2022-08-08 |o Bib-882 |p 26411 |r 2022-08-08 00:00:00 |w 2022-08-08 |y ARXIU |z Donatiu BGR | ||
| 999 | |c 19831 |d 19831 | ||